000 00849nam a22002417a 4500
942 _cBK
999 _c765
_d765
005 20250420134824.0
008 211116b ||||| |||| 00| 0 eng d
020 _a9781316629888
040 _cKCST
082 _a428.24
_bMc En
100 _aMcCarthy, Michael
_d1947-
_95303
245 _aEnglish idioms in use :
_b62 units of vocabulary reference and practice : self-study and classroom use /
_cMichael McCarthy; Felicity O'Dell
250 _a2
260 _aCambridge:
_bCambridge University Press,
_c2017.
300 _a178 p.
440 _aExperience better learning
_95558
650 _aEnglish language
_vTextbooks for foreign speakers.
_94734
650 _aEnglish language
_vStudy and teaching
_xForeign speakers.
_95559
650 _aEnglish language
_vIdioms.
_95560
700 _aO'Dell, Felicity
_94924
942 _2ddc